The music forum
Guardat en:
| Autors principals: | , |
|---|---|
| Format: | Llibre |
| Idioma: | anglès |
| Publicat: |
Nueva York
Columbia University Press
1967
|
| Matèries: | |
| Etiquetes: |
Afegir etiqueta
Sense etiquetes, Sigues el primer a etiquetar aquest registre!
|
MARC
| LEADER | 00000nam a2200000 a 4500 | ||
|---|---|---|---|
| 001 | UCW2424 | ||
| 003 | CL-VaPUC | ||
| 008 | 900119e19670000US |||||||||||||||||eng|d | ||
| 082 | 0 | 4 | |a 781.17 |b MIT |2 21 |
| 100 | |a Mitchell, William John |e autor |9 306548 | ||
| 700 | 0 | |a Salzer, Felix |e author |9 306549 | |
| 245 | 1 | 4 | |a The music forum |
| 300 | |a 2 v | ||
| 942 | |c BK | ||
| 945 | |d 19900119 00:00:00 |a oaravena | ||
| 260 | |a Nueva York |b Columbia University Press |c 1967 | ||
| 650 | 0 | |a Apreciación musical |9 306325 | |
| 650 | 7 | |a MUSICA ANALISIS, APRECIACION |2 CL-VaPUC |9 306550 | |
| 583 | |a last modification |c 19900119 00:00:00 |k Rodrigo Vera | ||
| 999 | |c 216974 |d 216972 | ||
| 952 | |0 0 |1 0 |4 0 |6 781_170000000000000_MIT_1967 |7 0 |8 A |9 203441 |a BIBEDU |b BIBEDU |d 2019-11-15 |h v.1 |i 2706741 |o 781.17 MIT 1967 |p 2706741 |r 2023-01-12 |w 2019-11-15 |y BK |k MUS | ||
| 952 | |0 0 |1 0 |4 0 |6 781_170000000000000_MIT_1967 |7 0 |8 A |9 203442 |a BIBEDU |b BIBEDU |d 2019-11-15 |h v.2 |i 270675K |o 781.17 MIT 1967 |p 270675K |r 2023-01-12 |w 2019-11-15 |y BK |k MUS | ||
| 952 | |0 0 |1 0 |4 0 |6 781_170000000000000_MIT_1967 |7 0 |8 A |9 203443 |a BIBEDU |b BIBEDU |d 2019-11-15 |h v.1 |i 1233572 |o 781.17 MIT 1967 |p 1233572 |r 2023-01-12 |w 2019-11-15 |y BK |k MUS | ||
| 952 | |0 0 |1 0 |4 0 |6 781_170000000000000_MIT_1967 |7 0 |8 A |9 203444 |a BIBEDU |b BIBEDU |d 2019-11-15 |h v.2 |i 1233580 |o 781.17 MIT 1967 |p 1233580 |r 2023-01-12 |w 2019-11-15 |y BK |k MUS | ||